000 01004nam a2200241 a 4500
001 8167
003 BD-RjUL
005 20211208234533.0
008 160813s2004 ii |||| b||| 000 0 ben d
020 _a8129502429
_c : TK 125.00
035 _a(BD-RjUL)8212
040 _aBD-RjUL
_bben
_cBD-RjUL
041 _aben
082 _223
_a891.44109
_bSAB 2004
100 1 _aসরকার, দিগ্বিজয় দে
_9146216
245 1 0 _aবৈষ্ণেবেতর বাংলা কাব্যে বৈষ্ণব প্রভাব /
_cদিগ্বিজয় দে সরকার
260 _aকলকাতা :
_bদে'জ পাবলিশিং,
_c২০০৪.
300 _a[৬], ২১৬ পৃ. ;
_c২২ সেমি.
504 _aসংযুক্ত গ্রন্থপঞ্জি
650 _aবাংলা সাহিত্য - কবিতা
_2ইতিহাস
_9146217
650 _aBangali Literature--Poetry
_vHistory
_9146218
942 _2ddc
_cBK
999 _c8167
_d8167